000 00343 a2200169 4500
001 58236
020 _a9788508145591
040 _cAnchieta - Pituba
100 _aAlencar, José de
240 1 0 _aSenhora
_lpor
245 1 0 _aSenhora
300 _a261
362 0 _a2012
440 1 _aÁtica
650 4 _aFicção brasileira
942 _cBK
999 _c58236
_d58236